Ligue 1 Classement 2025 en image - Statistiques

Statistiques générales
  • Ce quiz a été pris 74 fois
  • Le résultat moyen est 16 sur 18
Statistiques - réponses
Par images Réponse % Correct
Olympique lyonnais
100%
Paris Saint-Germain
100%
Association sportive de Monaco Football
99%
LOSC Lille
99%
Olympique de Marseille
99%
Racing Club de Lens
99%
Racing Club de Strasbourg Alsace
97%
Toulouse Football Club
97%
Association de la jeunesse auxerroise
96%
OGC Nice
94%
Stade Brestois 29
94%
Stade Rennais Football Club
93%
Angers Sporting Club de l'Ouest
91%
Le Havre Athletic Club
91%
Football Club de Metz
88%
FC Lorient
84%
Football Club de Nantes
84%
Paris FC
46%
Aucun quiz correspondant
Distribution des résultats
% des personnes avec chaque résultat
Percentile par nombre de réponses
Votre historique - résultats
Vous n’avez pas pris ce quiz